Deforestación y fragmentación de ecosistemas naturales en el Escudo Guayanés colombiano (Registro nro. 5342)

Detalles MARC
000 -CABECERA
Campo de control 00625nam a2200205 a 4500
005 - FECHA Y HORA DE LA ULTIMA TRANSACCION
Campo de control 20150411020003.0
008 - ELEMENTOS DE LONGITUD FIJA—INFORMACION GENERAL
Campo de control 140127b2006 ck ||||| |||| 00| 0 spa d
020 ## - ISBN
ISBN 958-8151-77-5
040 ## - FUENTE DE CATALOGACIÓN
Agencia catalogadora original CO-BoIAVH
Agencia transcriptora CO-BoIAVH
041 ## - IDIOMA
Código de idioma para texto/pista de sonido o título separado Español
044 ## - PAÍS DE PUBLICACIÓN
País de publicación Colombia
090 ## - CLASIFICACIÓN LOCAL
Colección IAVH
Consecutivo 00549
245 ## - MENCION DE TITULO
Título Deforestación y fragmentación de ecosistemas naturales en el Escudo Guayanés colombiano
260 ## - PUBLICACION, DISTRIBUCION, ETC. (PIE DE IMPRENTA)
Lugar de publicación, distribución, etc. Bogotá
Nombre del editor, distribuidor, etc. Instituto Alexander von Humboldt
-- COLCIENCIAS
Fecha de publicación, distribución, etc. 2006
300 ## - DESCRIPCION FISICA
Extensión 122 p.
700 ## - ASIENTO SECUNDARIO - NOMBRE PERSONAL
Nombre personal Armenteras P., Dolors
700 ## - ASIENTO SECUNDARIO - NOMBRE PERSONAL
Nombre personal Villa G., Claudia María
942 ## - ELEMENTOS ADICIONALES (KOHA)
Tipo de ítem Libro
Sistema de clasificación Dewey Decimal Classification
Koha issues (borrowed), all copies 3
945 ## - PROCESAMIENTO LOCAL
AAAA-MM-DD - Fecha de ingreso o modificacion 2006-10-10
Existencias
Withdrawn status Lost status Sistema de Clasificación Damaged status No para préstamo Colección Inventariado Ubicación Permanente Ubicación actual Fecha de adquisición Fuente de Valor Valor Total Checkouts Número topográfico Inventario / Código de Barras Date last seen Ejemplar Price effective from Forma de adquisición Tipo de material Date checked out
    Dewey Decimal Classification     Humboldt Inventariado 2017 Bogotá Bogotá 10/10/2006     2 IAVH 333.75152 A728d 023554 22/04/2014 Ej. 1 04/12/2012 Institucional CD-ROM 22/04/2014
    Dewey Decimal Classification     Humboldt Inventariado 2017 Bogotá Bogotá 10/10/2006       IAVH 333.75152 A728d 023555 04/12/2012 Ej. 2 04/12/2012 Institucional CD-ROM  
    Dewey Decimal Classification     Humboldt Inventariado 2017 Bogotá Bogotá 04/07/2013 Instituto 30000.00   IAVH-333.75152 A728d 028683 04/07/2013 Ej. 3 04/07/2013 Institucional Libro  
    Dewey Decimal Classification     Humboldt Inventariado 2017 Sala Fabio Quevedo Sala Fabio Quevedo 18/07/2014 Instituto 30000.00 1 IAVH-333.75152 A728d 023553 23/04/2015 Ej. 4 04/12/2012 Institucional Libro 10/04/2015
    Local     Humboldt Inventariado 2017 Villa de Leyva Villa de Leyva 10/10/2006 Instituto 30000.00   IAVH-00549 023426 04/12/2012 Ej. 1 04/12/2012 Institucional Libro